| 000 | 00933nam a2200205 i 4500 | ||
|---|---|---|---|
| 001 | 158718 | ||
| 003 | ES-MaACL | ||
| 005 | 20251111063350.0 | ||
| 008 | 950418s1894 fr a |||| | fre d | ||
| 080 | _a628 | ||
| 100 | 1 |
_aMaréchal, Henri, _dn. 1859 _9129674 |
|
| 245 | 1 | 2 |
_aL'éclairage à Paris . _bétude technique des divers modes d'éclairage employés à Paris sur la vie publique, dans les promenades et jardins, dans les monuments, les gares, les théatres, les grands magasins, etc. et dans les maisons particulières / _cpar Henri Maréchal. |
| 260 |
_aParis : _bLibrairie polytechnique Baudry et Cie, _c1894. |
||
| 300 |
_aVIII, 496 p., [2] h. de lám. : _bil. ; _c28 cm. |
||
| 597 | _aJunto con VI p. de propaganda editorial. | ||
| 650 |
_aAlumbrado público- _zParís. _9135555 |
||
| 650 |
_aAlumbrado de gas- _zParís. _9149688 |
||
| 852 | 4 |
_aES-MaACL _jB-11117 _z- Enc. tela |
|
| 999 |
_c158718 _d158718 |
||